000
00318nam a22001337a 4500
008
180314b xxu||||| |||| 00| 0 eng d
020
_a
9780073382685
041
_a
eng
080
_2
7th
_a
159.9
100
_a
48
101
_a
PSI
245
_a
Child psychology a contemporary viewpoint
_c
Parker,R.D
942
_2
udc
_c
BK
999
_c
44978
_d
44978